[Event "Aeroflot Open 2012 A"]
[Site "Moscow"]
[Date "2012.02.12"]
[Round "6"]
[White "Khairullin, Ildar"]
[Black "Grigoriants, Sergey"]
[Result "1/2-1/2"]
[WhiteElo "2638"]
[BlackElo "2570"]
[PlyCount "120"]
[EventDate "2012.02.07"]
[EventType "swiss"]
[EventRounds "9"]
[EventCountry "RUS"]

1. d4 Nf6 2. c4 e6 3. g3 d5 4. Bg2 dxc4 5. Nf3 Bb4+ 6. Bd2 c5 7. a3 Bxd2+ 8.
Nbxd2 cxd4 9. Nxc4 Nc6 10. O-O O-O 11. Rc1 Re8 12. b4 a6 13. Nfe5 Nxe5 14. Nxe5
Qd6 15. Nc4 Qd8 16. f4 Rb8 17. Bf3 b6 18. Ne5 Bb7 19. Bc6 Rf8 20. Qd3 Qd6 21.
Rfd1 Bxc6 22. Rxc6 Qd5 23. Qxd4 Rfc8 24. Qxd5 Nxd5 25. Rdc1 Rxc6 26. Rxc6 h5
27. Kf2 Rb7 28. e4 Nf6 29. Kf3 g6 30. Nc4 b5 31. Nd6 Ra7 32. e5 Nd5 33. Ke4 Ne7
34. Rb6 Nd5 35. Rb8+ Kg7 36. Ne8+ Kh7 37. Nf6+ Nxf6+ 38. exf6 Rd7 39. Rf8 Rc7
40. Kd4 g5 41. fxg5 Kg6 42. Ke5 Kxg5 43. Rg8+ Kh6 44. Kd6 Rc3 45. Rg7 a5 46.
bxa5 Rxa3 47. Rxf7 Rxa5 48. Kxe6 b4 49. Rb7 Kg6 50. Rg7+ Kh6 51. Rg8 Ra6+ 52.
Ke5 Ra5+ 53. Kf4 Ra6 54. Ke5 Ra5+ 55. Ke4 Ra7 56. Rb8 Kg6 57. Rxb4 Kxf6 58.
Rb6+ Kg7 59. Kf4 Ra4+ 60. Kg5 Ra5+ 1/2-1/2

[Event "Aeroflot Open 2012 A"]
[Site "Moscow"]
[Date "2012.02.12"]
[Round "6"]
[White "Jankovic, Alojzije"]
[Black "Sandipan, Chanda"]
[Result "0-1"]
[WhiteElo "2568"]
[BlackElo "2628"]
[PlyCount "62"]
[EventDate "2012.02.07"]
[EventType "swiss"]
[EventRounds "9"]
[EventCountry "RUS"]

1. c4 c6 2. Nf3 d5 3. e3 Nf6 4. Nc3 e6 5. b3 Nbd7 6. Qc2 Bd6 7. Bb2 O-O 8. Be2
a6 9. d4 e5 10. cxd5 cxd5 11. dxe5 Nxe5 12. O-O Bg4 13. Nd4 Rc8 14. Qd1 Bb8 15.
Bxg4 Nexg4 16. g3 Qd6 17. Qe2 Rfe8 18. Rad1 h5 19. Qf3 Ne4 20. Nde2 Qc6 21.
Nxd5 Qc2 22. Ne7+ Rxe7 23. Rc1 Ng5 24. Qd5 Nh3+ 25. Kh1 Nhxf2+ 26. Kg1 Nh3+ 27.
Kh1 Qe4+ 28. Qxe4 Rxc1 29. Qf3 Nhf2+ 30. Kg2 Rxf1 31. Bd4 Nd1 0-1

[Event "Aeroflot Open 2012 A"]
[Site "Moscow"]
[Date "2012.02.12"]
[Round "6"]
[White "Alsina Leal, Daniel"]
[Black "Zhou, Jianchao"]
[Result "0-1"]
[WhiteElo "2535"]
[BlackElo "2619"]
[PlyCount "64"]
[EventDate "2012.02.07"]
[EventType "swiss"]
[EventRounds "9"]
[EventCountry "RUS"]

1. e4 c5 2. Nf3 d6 3. d4 cxd4 4. Nxd4 Nf6 5. Nc3 a6 6. Bg5 Nbd7 7. Qe2 e6 8. f4
Qc7 9. O-O-O b5 10. a3 Be7 11. g4 Bb7 12. Bg2 Nb6 13. Bxf6 gxf6 14. f5 e5 15.
Nb3 Rc8 16. Kb1 h5 17. gxh5 Bf8 18. Nc1 Qc4 19. Qxc4 Nxc4 20. Rd3 Rxh5 21. h4
Rh8 22. N1a2 Rg8 23. Bf3 Bh6 24. Nb4 Rg3 25. Bd1 Nd2+ 26. Ka2 Nxe4 27. Nxe4
Bxe4 28. Rxg3 Bxh1 29. Nxa6 Be4 30. Be2 Rxc2 31. Rg8+ Ke7 32. Bxb5 Bd5+ 0-1

[Event "Aeroflot Open 2012 A"]
[Site "Moscow"]
[Date "2012.02.12"]
[Round "6"]
[White "Salgado Lopez, Ivan"]
[Black "Yilmaz, Mustafa"]
[Result "1/2-1/2"]
[WhiteElo "2618"]
[BlackElo "2521"]
[PlyCount "84"]
[EventDate "2012.02.07"]
[EventType "swiss"]
[EventRounds "9"]
[EventCountry "RUS"]

1. e4 c5 2. Nc3 d6 3. Nge2 Nf6 4. g3 g6 5. Bg2 Bg7 6. O-O O-O 7. a3 Nc6 8. Rb1
a5 9. a4 Nd4 10. d3 Bd7 11. h3 Bc6 12. Bg5 Ne8 13. b3 Nc7 14. Nd5 Re8 15. Nc1
b5 16. c3 Nde6 17. Be3 b4 18. cxb4 axb4 19. Ne2 Na6 20. Rc1 Bb7 21. Re1 Nf8 22.
e5 Bxe5 23. Nf6+ Bxf6 24. Bxb7 Ra7 25. Bc6 Nd7 26. d4 Rf8 27. Rc4 Qc8 28. Bb5
Nb6 29. Rc2 Nd5 30. Bh6 Rd8 31. dxc5 dxc5 32. Rd2 e6 33. Nf4 Nc3 34. Rxd8+ Qxd8
35. Qxd8+ Bxd8 36. Bc4 Nc7 37. Nd3 Be7 38. Be3 Ra5 39. Bd2 N3d5 40. Ne5 Ra8 41.
Bf1 Bf6 42. f4 Be7 1/2-1/2

[Event "Aeroflot Open 2012 A"]
[Site "Moscow"]
[Date "2012.02.12"]
[Round "6"]
[White "Popov, Ivan"]
[Black "Gundavaa, Bayarsaikhan"]
[Result "1-0"]
[WhiteElo "2599"]
[BlackElo "2493"]
[PlyCount "115"]
[EventDate "2012.02.07"]
[EventType "swiss"]
[EventRounds "9"]
[EventCountry "RUS"]

1. e4 c5 2. Nf3 d6 3. d4 cxd4 4. Nxd4 Nf6 5. Nc3 a6 6. h3 e6 7. g4 d5 8. Nde2
Nc6 9. exd5 Nxd5 10. Nxd5 Qxd5 11. Qxd5 exd5 12. Nf4 Nb4 13. Kd1 Be6 14. Bg2
Bc5 15. c3 Nc6 16. Be3 Bxe3 17. fxe3 Rd8 18. Ke2 g5 19. Nh5 Ke7 20. Rhf1 Rd6
21. Ng3 Ne5 22. Rad1 Rhd8 23. Rf2 h6 24. Rd4 Nc6 25. Rd2 Ne5 26. Kd1 b6 27. Bf1
b5 28. a3 Rb8 29. Kc2 Rc8 30. Rd1 Rc7 31. Rfd2 Rcd7 32. a4 bxa4 33. Ra1 Rb6 34.
Rxa4 Nf3 35. Re2 Rc7 36. Kc1 Ne5 37. Rf2 Rcc6 38. Ra5 Rd6 39. b4 Nc4 40. Bxc4
dxc4 41. Rd2 Rxd2 42. Kxd2 Bd7 43. Re5+ Re6 44. Nf5+ Kf6 45. Ra5 Kg6 46. Rc5
Bb5 47. Nd4 Rd6 48. e4 h5 49. Ke3 hxg4 50. hxg4 Rd8 51. e5 Rb8 52. Nxb5 axb5
53. Ke4 Rd8 54. Rd5 Rh8 55. Rxb5 Rh4 56. Rb6+ Kg7 57. Rc6 Rxg4+ 58. Kf5 1-0

[Event "Aeroflot Open 2012 A"]
[Site "Moscow"]
[Date "2012.02.12"]
[Round "6"]
[White "Vallejo Pons, Francisco"]
[Black "Pap, Gyula"]
[Result "1/2-1/2"]
[WhiteElo "2705"]
[BlackElo "2533"]
[PlyCount "105"]
[EventDate "2012.02.07"]
[EventType "swiss"]
[EventRounds "9"]
[EventCountry "RUS"]

1. e4 g6 2. d4 Bg7 3. Nc3 d6 4. f4 Nf6 5. Nf3 O-O 6. Bd3 Na6 7. O-O c5 8. d5
Bg4 9. Bc4 Nc7 10. h3 Bxf3 11. Qxf3 Nd7 12. a4 a6 13. a5 b5 14. axb6 Nxb6 15.
Bd3 c4 16. Be2 Nb5 17. Be3 Nxc3 18. bxc3 Bxc3 19. Rab1 Nd7 20. Bf2 Bg7 21. Qa3
Rc8 22. Qxa6 Nc5 23. Qxc4 Ne6 24. dxe6 Rxc4 25. exf7+ Kh8 26. Bxc4 Qc8 27. Rb4
Bc3 28. Ra4 e6 29. Bb3 Rxf7 30. Rc4 Rc7 31. Rxc7 Qxc7 32. Bxe6 Qb7 33. Bd5 Qb2
34. Bb3 Bd4 35. f5 Kg7 36. Bxd4+ Qxd4+ 37. Kh1 Kf6 38. fxg6+ Kxg6 39. Bd5 Qc3
40. Bb3 Qd4 41. Be6 Qc3 42. Bf5+ Kg7 43. Rf4 h5 44. Kh2 Qxc2 45. h4 Qc1 46. g3
Qd2+ 47. Kg1 Qe3+ 48. Kg2 Qe2+ 49. Kg1 Qe3+ 50. Rf2 Qe1+ 51. Kg2 Qe3 52. Rf3
Qe2+ 53. Rf2 1/2-1/2

[Event "Aeroflot Open 2012 A"]
[Site "Moscow"]
[Date "2012.02.12"]
[Round "6"]
[White "Tukhaev, Adam"]
[Black "Yu, Yangyi"]
[Result "1-0"]
[WhiteElo "2537"]
[BlackElo "2631"]
[PlyCount "87"]
[EventDate "2012.02.07"]
[EventType "swiss"]
[EventRounds "9"]
[EventCountry "RUS"]

1. e4 c5 2. Nf3 e6 3. d4 cxd4 4. Nxd4 a6 5. Be2 Qc7 6. O-O Nf6 7. Nc3 d6 8. f4
Be7 9. g4 h6 10. g5 hxg5 11. fxg5 d5 12. Bf4 Bd6 13. Qd2 Nxe4 14. Nxe4 dxe4 15.
Nb5 Qc5+ 16. Kh1 Bxf4 17. Qxf4 axb5 18. Qxf7+ Kd8 19. Qxg7 Re8 20. Rad1+ Nd7
21. Rf7 Qc6 22. Qf6+ Kc7 23. Qe5+ Kb6 24. Rfxd7 Bxd7 25. Rd6 Qxd6 26. Qxd6+ Bc6
27. Qd4+ Kc7 28. Qe5+ Kb6 29. b4 Rxa2 30. Qc5+ Ka6 31. Kg2 Rd8 32. Kf2 Rd5 33.
Qe3 Be8 34. Qb3 Ra1 35. Qc3 Rh1 36. Kg2 Rb1 37. h4 Ka7 38. Qe3+ Kb8 39. h5 Rb2
40. Qg3+ e5 41. Qc3 Ra2 42. g6 Ra6 43. Qg3 Rd2 44. Kf2 1-0

[Event "Aeroflot Open 2012 A"]
[Site "Moscow"]
[Date "2012.02.12"]
[Round "6"]
[White "Solak, Dragan"]
[Black "Adhiban, B."]
[Result "1/2-1/2"]
[WhiteElo "2613"]
[BlackElo "2561"]
[PlyCount "105"]
[EventDate "2012.02.07"]
[EventType "swiss"]
[EventRounds "9"]
[EventCountry "RUS"]

1. e4 e5 2. Nf3 Nc6 3. Bb5 a6 4. Bxc6 dxc6 5. O-O Ne7 6. Nxe5 Qd4 7. Qh5 g6 8.
Nf3 Qxe4 9. Nc3 Qf5 10. Qh4 Bg7 11. Re1 Be6 12. d3 Qg4 13. Qg5 Qxg5 14. Nxg5
Bf5 15. Bf4 h6 16. Nf3 Rc8 17. Re2 Be6 18. Rae1 O-O 19. Be5 Nf5 20. Ne4 Bxe5
21. Nxe5 Nd4 22. Rd2 Rcd8 23. Nc5 Bc8 24. f4 Kg7 25. Kf2 b6 26. Nb3 Nxb3 27.
axb3 c5 28. Red1 Rd4 29. g3 a5 30. Nf3 Rb4 31. Ne5 Rd4 32. Nf3 Rd6 33. d4 cxd4
34. Rxd4 Rxd4 35. Rxd4 Be6 36. Rd2 Kf6 37. Nd4 Rd8 38. Ke3 h5 39. c3 Rd6 40. b4
axb4 41. cxb4 Bf5 42. b5 Rd5 43. b4 Rd8 44. Ra2 Re8+ 45. Kf2 Re4 46. Rd2 Bg4
47. h4 Be6 48. Rd1 Bc4 49. Kf3 Bd5 50. Kf2 Bc4 51. Kf3 Bd5 52. Kf2 Bc4 53. Kf3
1/2-1/2

[Event "Aeroflot Open 2012 A"]
[Site "Moscow"]
[Date "2012.02.12"]
[Round "6"]
[White "Ponkratov, Pavel"]
[Black "Ju, Wenjun"]
[Result "0-1"]
[WhiteElo "2611"]
[BlackElo "2552"]
[PlyCount "128"]
[EventDate "2012.02.07"]
[EventType "swiss"]
[EventRounds "9"]
[EventCountry "RUS"]

1. e4 c5 2. Nf3 d6 3. d4 cxd4 4. Nxd4 Nf6 5. Nc3 a6 6. Be3 Ng4 7. Bg5 h6 8. Bh4
g5 9. Bg3 Bg7 10. h3 Ne5 11. f3 Nbc6 12. Bf2 Ng6 13. Nd5 Nxd4 14. Bxd4 Bxd4 15.
Qxd4 Be6 16. O-O-O Qa5 17. Kb1 Rc8 18. g3 Qc5 19. Qd2 Kd8 20. h4 gxh4 21. gxh4
Bxd5 22. exd5 Kc7 23. Bh3 Rcg8 24. Rhe1 Kb8 25. Re4 Ne5 26. Qe2 Rg1 27. Bf1 Rc8
28. c3 f5 29. Red4 Rcg8 30. f4 Ng4 31. a3 Rh1 32. Qe6 Nf6 33. Ka2 a5 34. Qxf5
Rgg1 35. Qd3 Rxh4 36. Qe3 Rg7 37. R1d2 h5 38. Bh3 Nxd5 39. Qf3 Nb6 40. R2d3 e5
41. fxe5 Rxd4 42. Rxd4 dxe5 43. Qxh5 Rg3 44. Be6 Re3 45. Rg4 Ka7 46. Qh2 Qd6
47. Bb3 a4 48. Bg8 Qd1 49. Rg1 Re1 50. Rxe1 Qxe1 51. Qh7 Qg1 52. Bf7 Qf2 53.
Be8 Nc4 54. Qb1 e4 55. Bb5 Nd6 56. Bf1 Qd2 57. c4 Kb6 58. Ka1 Kc5 59. Ka2 b6
60. Bh3 Nxc4 61. Be6 Qd4 62. Qc2 e3 63. Bh3 Qxb2+ 64. Qxb2 Nxb2 0-1

[Event "Aeroflot Open 2012 A"]
[Site "Moscow"]
[Date "2012.02.12"]
[Round "6"]
[White "Ipatov, Alexander"]
[Black "Dubov, Daniil"]
[Result "1/2-1/2"]
[WhiteElo "2586"]
[BlackElo "2498"]
[PlyCount "33"]
[EventDate "2012.02.07"]
[EventType "swiss"]
[EventRounds "9"]
[EventCountry "RUS"]

1. e4 d5 2. exd5 Qxd5 3. Nc3 Qd6 4. d4 Nf6 5. Nf3 Bg4 6. h3 Bxf3 7. Qxf3 c6 8.
Be3 Nbd7 9. O-O-O e6 10. g4 Nb6 11. g5 Nfd5 12. Ne4 Qb4 13. Kb1 Nc4 14. Bc1
Nde3 15. fxe3 Na3+ 16. Ka1 Nxc2+ 17. Kb1 1/2-1/2

[Event "Aeroflot Open 2012 A"]
[Site "Moscow"]
[Date "2012.02.12"]
[Round "6"]
[White "Shomoev, Anton"]
[Black "Bukavshin, Ivan"]
[Result "1-0"]
[WhiteElo "2570"]
[BlackElo "2517"]
[PlyCount "111"]
[EventDate "2012.02.07"]
[EventType "swiss"]
[EventRounds "9"]
[EventCountry "RUS"]

1. d4 d5 2. c4 e6 3. Nf3 Nf6 4. e3 Be7 5. Nbd2 O-O 6. Bd3 b6 7. O-O Bb7 8. b3
c5 9. dxc5 Bxc5 10. Bb2 Nbd7 11. a3 Be7 12. Qe2 Nc5 13. Bc2 dxc4 14. Nxc4 Qd5
15. b4 Nce4 16. Nce5 Qd8 17. Rfd1 Qe8 18. Nd4 Rc8 19. Rac1 Bd6 20. Nb5 Bb8 21.
f3 a6 22. Bxe4 Bxe4 23. Rxc8 Qxc8 24. Nd6 Qc2 25. Rd2 Qb1+ 26. Rd1 Qc2 27. Rd2
Qb1+ 28. Qd1 Qxd1+ 29. Rxd1 Bc2 30. Rc1 Ba4 31. Nc8 Bxe5 32. Bxe5 Nd7 33. Bd4
a5 34. Bxb6 axb4 35. axb4 f6 36. Rc7 Ne5 37. Bc5 Rd8 38. Nd6 Nd3 39. Kf1 Bd1
40. Re7 Bb3 41. Ke2 Nb2 42. Kd2 Na4 43. e4 Rb8 44. Ke3 Ba2 45. Kd4 e5+ 46. Ke3
g6 47. g3 Bb1 48. f4 exf4+ 49. gxf4 Nc3 50. Kd2 Na4 51. Ra7 Nb2 52. Ra3 Bxe4
53. Rb3 Na4 54. Nxe4 f5 55. Nf6+ Kf7 56. Bd4 1-0

[Event "Aeroflot Open 2012 A"]
[Site "Moscow"]
[Date "2012.02.12"]
[Round "6"]
[White "Harika, Dronavalli"]
[Black "Mamedov, Rauf"]
[Result "0-1"]
[WhiteElo "2516"]
[BlackElo "2636"]
[PlyCount "114"]
[EventDate "2012.02.07"]
[EventType "swiss"]
[EventRounds "9"]
[EventCountry "RUS"]

1. d4 Nf6 2. c4 g6 3. Nc3 Bg7 4. e4 O-O 5. f3 c5 6. Nge2 d6 7. Be3 Qa5 8. Nc1
cxd4 9. Nb3 Qd8 10. Nxd4 Nc6 11. Be2 Nxd4 12. Bxd4 Be6 13. O-O Qa5 14. f4 Rac8
15. b3 a6 16. Rb1 Rfe8 17. f5 Bd7 18. b4 Qd8 19. Nd5 Nxd5 20. cxd5 Ba4 21. Qxa4
Bxd4+ 22. Kh1 Be5 23. Qd1 Rc3 24. Rb3 Qc7 25. b5 axb5 26. Bxb5 Rc8 27. fxg6
hxg6 28. Qg4 Kg7 29. Rxc3 Qxc3 30. a4 Bf6 31. h3 Rc5 32. Qf3 Qd4 33. Qd3 Qb2
34. Rb1 Qa2 35. Rf1 Rc3 36. Qe2 Rc2 37. Qf3 Qb2 38. Bd3 Rd2 39. Bb5 Qe5 40. Qf4
Qxf4 41. Rxf4 Rd4 42. g3 Be5 43. Rg4 Rd2 44. Be8 Rf2 45. Kg1 Bd4 46. Kh1 Be3
47. h4 Kh6 48. Bd7 Rc2 49. h5 Kxh5 50. Rh4+ Kg5 51. Rh7 Rc7 52. Bh3 Kf6 53. Kg2
Bd4 54. Bg4 Rc2+ 55. Kf1 Rc7 56. Ke2 Be5 57. Rh3 Rc4 0-1

[Event "Aeroflot Open 2012 A"]
[Site "Moscow"]
[Date "2012.02.12"]
[Round "6"]
[White "Savchenko, Boris"]
[Black "Szabo, Krisztian"]
[Result "0-1"]
[WhiteElo "2609"]
[BlackElo "2547"]
[PlyCount "153"]
[EventDate "2012.02.07"]
[EventType "swiss"]
[EventRounds "9"]
[EventCountry "RUS"]

1. e4 e5 2. f4 exf4 3. Nf3 g5 4. Nc3 Bg7 5. g3 d6 6. d4 g4 7. Nh4 f3 8. Bc4 Ne7
9. h3 Nbc6 10. Be3 h5 11. Qd2 Be6 12. Nd5 Qd7 13. Nxe7 Bxc4 14. Nef5 Bf6 15. b3
Be2 16. Bg5 Qd8 17. Qf4 Bxg5 18. Ng7+ Ke7 19. Qxg5+ Kf8 20. Qf4 Kxg7 21. Nf5+
Kf8 22. hxg4 Qf6 23. g5 Qg6 24. g4 Re8 25. Kf2 Qe6 26. gxh5 Qxe4 27. Qxe4 Rxe4
28. g6 Rg4 29. g7+ Rxg7 30. Nxg7 Kxg7 31. Rag1+ Kh7 32. h6 Rg8 33. Rxg8 Kxg8
34. Rg1+ Kh7 35. Rg7+ Kxh6 36. Rxf7 Nxd4 37. Rxc7 Kg5 38. Rxb7 Nxc2 39. Rxa7
Kf4 40. Ra8 d5 41. b4 d4 42. Rf8+ Ke4 43. Re8+ Kd5 44. Rd8+ Ke5 45. b5 Bxb5 46.
Kxf3 d3 47. a4 Bc6+ 48. Kf2 Ke4 49. a5 Nd4 50. Rg8 d2 51. Rg1 Kd3 52. a6 Kc2
53. Ke3 Nb5 54. a7 d1=Q 55. Rxd1 Kxd1 56. a8=Q Bxa8 57. Kd3 Bd5 58. Ke3 Kc2 59.
Ke2 Kc3 60. Ke3 Nd6 61. Kf4 Kd4 62. Kg5 Ke5 63. Kg4 Nf5 64. Kg5 Bf7 65. Kg4 Nd4
66. Kg5 Nf3+ 67. Kg4 Ke4 68. Kg3 Ke3 69. Kg4 Bg6 70. Kh3 Bf5+ 71. Kg2 Kf4 72.
Kf2 Bd3 73. Kg2 Nd4 74. Kh3 Be2 75. Kg2 Bf3+ 76. Kh3 Nc2 77. Kh2 0-1

[Event "Aeroflot Open 2012 A"]
[Site "Moscow"]
[Date "2012.02.12"]
[Round "6"]
[White "Lu, Shanglei"]
[Black "Ulibin, Mikhail"]
[Result "1-0"]
[WhiteElo "2516"]
[BlackElo "2587"]
[PlyCount "135"]
[EventDate "2012.02.07"]
[EventType "swiss"]
[EventRounds "9"]
[EventCountry "RUS"]

1. e4 e6 2. d4 d5 3. Nc3 Nf6 4. e5 Nfd7 5. Nce2 c5 6. c3 cxd4 7. cxd4 f6 8.
exf6 Nxf6 9. Nf3 Nc6 10. Nc3 Bd6 11. Bd3 O-O 12. O-O Bd7 13. Re1 Ng4 14. Be3
Be8 15. h3 Nxe3 16. fxe3 Bg3 17. Rf1 Bh5 18. Be2 Qe7 19. a3 Rad8 20. Qc2 Bb8
21. g4 Bg6 22. Bd3 Bxd3 23. Qxd3 Rf6 24. Qe2 Rdf8 25. Qg2 a6 26. Nd2 Qd6 27.
Rxf6 Rxf6 28. Rf1 Rxf1+ 29. Kxf1 b5 30. b4 Ne7 31. Nb3 e5 32. Ke2 e4 33. Nc5
Bc7 34. Kd1 h6 35. Qe2 Qf6 36. a4 bxa4 37. Nxa6 Bg3 38. Nxa4 Nc8 39. N6c5 Nd6
40. Nb6 Qf7 41. Nca4 Qf3 42. Nxd5 Qh1+ 43. Kc2 Qxh3 44. b5 Qh1 45. b6 Qa1 46.
Ndc3 Be1 47. g5 Bxc3 48. Nxc3 Qa5 49. Qg4 Qxb6 50. gxh6 Qc7 51. hxg7 Qc4 52.
Qd7 Qd3+ 53. Kb3 Nf7 54. Qe8+ Kxg7 55. Qxe4 Qa6 56. Qe7 Qb6+ 57. Kc2 Kg8 58.
Qd7 Kf8 59. e4 Qf6 60. Kb3 Qb6+ 61. Nb5 Qb8 62. Kc4 Qh2 63. Nc3 Qg3 64. Qd5 Qf4
65. e5 Qf1+ 66. Kb4 Ke7 67. Qc5+ Ke6 68. Qc8+ 1-0

[Event "Aeroflot Open 2012 A"]
[Site "Moscow"]
[Date "2012.02.12"]
[Round "6"]
[White "Venkatesh, M.R."]
[Black "Bosiocic, Marin"]
[Result "1/2-1/2"]
[WhiteElo "2499"]
[BlackElo "2580"]
[PlyCount "79"]
[EventDate "2012.02.07"]
[EventType "swiss"]
[EventRounds "9"]
[EventCountry "RUS"]

1. e4 e5 2. Nf3 Nc6 3. Bb5 a6 4. Ba4 Nf6 5. d3 d6 6. c3 g6 7. Nbd2 Bg7 8. O-O
O-O 9. Re1 b5 10. Bc2 h6 11. a4 Bb7 12. b4 Nd7 13. Nb3 Nb6 14. a5 Na4 15. Bd2
f5 16. Nc1 Ne7 17. Bxa4 bxa4 18. Rxa4 Qd7 19. Ra3 Rf7 20. h3 Raf8 21. Nh2 g5
22. f3 Ng6 23. Be3 Kh7 24. c4 Nf4 25. Bf2 Qe6 26. Qc2 Qg6 27. Ne2 h5 28. b5
Nxg2 29. Kxg2 g4 30. hxg4 hxg4 31. Ng3 f4 32. fxg4 fxg3 33. Bxg3 axb5 34. cxb5
d5 35. Rc3 Qd6 36. Re2 Ba8 37. Bf2 Rf4 38. Bg3 R4f7 39. Bf2 Rf4 40. Bg3 1/2-1/2

[Event "Aeroflot Open 2012 A"]
[Site "Moscow"]
[Date "2012.02.12"]
[Round "6"]
[White "Gopal G.N."]
[Black "Shyam, Sundar M"]
[Result "1-0"]
[WhiteElo "2566"]
[BlackElo "2462"]
[PlyCount "119"]
[EventDate "2012.02.07"]
[EventType "swiss"]
[EventRounds "9"]
[EventCountry "RUS"]

1. e4 e5 2. Nf3 Nc6 3. Bb5 Nf6 4. d3 Bc5 5. c3 O-O 6. O-O d6 7. Nbd2 Bb6 8. h3
h6 9. Re1 Ne7 10. Nf1 Ng6 11. Ng3 Bd7 12. Bxd7 Qxd7 13. Nh2 d5 14. Qf3 dxe4 15.
dxe4 Nh4 16. Qe2 Rad8 17. Be3 Qd3 18. Ng4 Qxe2 19. Nxf6+ gxf6 20. Rxe2 Kh7 21.
Bxb6 axb6 22. Nf1 c6 23. a4 Ng6 24. g3 Ne7 25. Rd2 Rxd2 26. Nxd2 Ra8 27. Ra3
Nc8 28. Nc4 Ra6 29. Kg2 b5 30. axb5 cxb5 31. Rxa6 bxa6 32. Na5 Nd6 33. Kf3 Kg6
34. Nc6 Nc4 35. b4 h5 36. h4 Nb6 37. Ke2 Nd7 38. Kd3 Kg7 39. Ne7 Kf8 40. Nd5
Kg7 41. f3 Kg6 42. Nc7 Nb8 43. g4 Kh6 44. c4 bxc4+ 45. Kxc4 hxg4 46. fxg4 f5
47. gxf5 Kh5 48. Kc5 Kxh4 49. Kb6 Nd7+ 50. Kc6 Nf6 51. Nxa6 Nxe4 52. b5 Nd2 53.
Kd5 Nb3 54. b6 Na5 55. Nc5 f6 56. b7 Nxb7 57. Nxb7 Kg5 58. Ke4 Kg4 59. Nd6 Kh5
60. Nf7 1-0

[Event "Aeroflot Open 2012 A"]
[Site "Moscow"]
[Date "2012.02.12"]
[Round "6"]
[White "Cori, Jorge"]
[Black "Shen, Yang"]
[Result "1/2-1/2"]
[WhiteElo "2489"]
[BlackElo "2447"]
[PlyCount "87"]
[EventDate "2012.02.07"]
[EventType "swiss"]
[EventRounds "9"]
[EventCountry "RUS"]

1. d4 d5 2. c4 c6 3. e3 Bf5 4. Nc3 e6 5. Nf3 Bd6 6. Be2 h6 7. Qb3 Qc8 8. Bd2
Nf6 9. Rc1 dxc4 10. Qxc4 O-O 11. O-O Nbd7 12. Qb3 Qb8 13. h3 Re8 14. Na4 Be4
15. Bb4 Bd5 16. Bxd6 Qxd6 17. Qc2 e5 18. Rfd1 exd4 19. Nxd4 Be4 20. Qb3 Qb8 21.
Nc3 Bg6 22. Bf1 Nc5 23. Qc4 Ne6 24. b4 Nxd4 25. Rxd4 Qe5 26. Rcd1 Rac8 27. Qb3
Qe7 28. Qa3 c5 29. bxc5 Qxc5 30. Qxc5 Rxc5 31. Nb5 a6 32. Nd6 Re7 33. Bc4 Ne8
34. Nxe8 Rxe8 35. Bd5 b5 36. e4 Kf8 37. g4 f6 38. R1d2 Bf7 39. Bxf7 Kxf7 40.
Kg2 Rc3 41. h4 Re7 42. h5 Ra3 43. Rc2 a5 44. f3 1/2-1/2

[Event "Aeroflot Open 2012 A"]
[Site "Moscow"]
[Date "2012.02.12"]
[Round "6"]
[White "Guseinov, Gadir"]
[Black "Al-Modiahki, Mohamad"]
[Result "1-0"]
[WhiteElo "2634"]
[BlackElo "2567"]
[PlyCount "65"]
[EventDate "2012.02.07"]
[EventType "swiss"]
[EventRounds "9"]
[EventCountry "RUS"]

1. e4 c5 2. Nf3 Nc6 3. Nc3 g6 4. d4 cxd4 5. Nxd4 Bg7 6. Be3 Nf6 7. Bc4 O-O 8.
Bb3 d6 9. f3 Bd7 10. Qd2 Nxd4 11. Bxd4 b5 12. h4 a6 13. a4 b4 14. Nd5 Nxd5 15.
Bxg7 Kxg7 16. Bxd5 Rc8 17. h5 Rh8 18. Bb3 Qb6 19. O-O-O Be6 20. Kb1 Qc5 21. Bd5
Bxd5 22. exd5 gxh5 23. Rxh5 Kf8 24. Rdh1 Ke8 25. Rxh7 Rxh7 26. Rxh7 Qg1+ 27.
Ka2 Qf1 28. b3 Rc5 29. Kb2 Qg1 30. Qd3 Kf8 31. Rh8+ Kg7 32. Qh7+ Kf6 33. Qh4+
1-0

[Event "Aeroflot Open 2012 A"]
[Site "Moscow"]
[Date "2012.02.12"]
[Round "6"]
[White "Pridorozhni, Aleksei"]
[Black "Paikidze, Nazi"]
[Result "1/2-1/2"]
[WhiteElo "2555"]
[BlackElo "2411"]
[PlyCount "61"]
[EventDate "2012.02.07"]
[EventType "swiss"]
[EventRounds "9"]
[EventCountry "RUS"]

1. e4 c6 2. Nc3 d5 3. Nf3 Bg4 4. h3 Bxf3 5. Qxf3 e6 6. d3 Nd7 7. Bd2 Ngf6 8. g4
h6 9. Qg3 d4 10. Nd1 Be7 11. h4 Qb6 12. a3 c5 13. b3 O-O-O 14. Nb2 g5 15. Nc4
Qc7 16. Qxc7+ Kxc7 17. hxg5 hxg5 18. Rxh8 Rxh8 19. Bxg5 b5 20. Bf4+ Kc6 21.
Ne5+ Nxe5 22. Bxe5 Rh1 23. f3 Nd7 24. Bg3 Bh4 25. Bxh4 Rxh4 26. Kf2 e5 27. Kg3
Rh1 28. Kg2 Rh8 29. Kg3 Rh1 30. a4 b4 31. Kg2 1/2-1/2

[Event "Aeroflot Open 2012 A"]
[Site "Moscow"]
[Date "2012.02.13"]
[Round "7"]
[White "Eljanov, Pavel"]
[Black "Korobov, Anton"]
[Result "1-0"]
[WhiteElo "2690"]
[BlackElo "2660"]
[PlyCount "79"]
[EventDate "2012.02.07"]
[EventType "swiss"]
[EventRounds "9"]
[EventCountry "RUS"]

1. d4 d5 2. c4 c6 3. Nc3 Nf6 4. e3 e6 5. Nf3 Nbd7 6. Qc2 Bd6 7. Bd3 O-O 8. O-O
dxc4 9. Bxc4 b5 10. Bd3 Bb7 11. e4 e5 12. h3 a6 13. dxe5 Nxe5 14. Nxe5 Bxe5 15.
Be3 c5 16. Bxc5 Re8 17. Rad1 Nd7 18. Be3 Qc7 19. Nxb5 axb5 20. Qxc7 Bxc7 21.
Bxb5 Nf6 22. Bxe8 Nxe8 23. a3 Bxe4 24. Rd4 f5 25. f3 f4 26. Bf2 Bf5 27. Rc1 Rb8
28. Rd2 Ra8 29. Re2 Bd6 30. Bc5 Bc7 31. Bd4 Bd6 32. Be5 Bg6 33. Bxd6 Nxd6 34.
Rd2 Nf5 35. Rc4 h5 36. Rxf4 Rc8 37. h4 Rc1+ 38. Kf2 Ne7 39. b4 Nc6 40. b5 1-0

[Event "Aeroflot Open 2012 A"]
[Site "Moscow"]
[Date "2012.02.13"]
[Round "7"]
[White "Bartel, Mateusz"]
[Black "Caruana, Fabiano"]
[Result "1-0"]
[WhiteElo "2658"]
[BlackElo "2736"]
[PlyCount "43"]
[EventDate "2012.02.07"]
[EventType "swiss"]
[EventRounds "9"]
[EventCountry "RUS"]

1. d4 d5 2. c4 c6 3. Nf3 Nf6 4. e3 Bg4 5. Nc3 e6 6. h3 Bh5 7. Qb3 Qc7 8. Nh4
Nbd7 9. Bd2 Nb6 10. cxd5 exd5 11. Rc1 Bg6 12. Nxg6 hxg6 13. Bd3 Be7 14. O-O Kf8
15. a4 a5 16. e4 dxe4 17. Nxe4 Rh5 18. Rfe1 Nxe4 19. Bxe4 Bd6 20. Qf3 Nxa4 21.
Bxg6 Rh8 22. Bg5 1-0

[Event "Aeroflot Open 2012 A"]
[Site "Moscow"]
[Date "2012.02.13"]
[Round "7"]
[White "Tomashevsky, Evgeny"]
[Black "Khalifman, Alexander"]
[Result "1/2-1/2"]
[WhiteElo "2740"]
[BlackElo "2632"]
[PlyCount "60"]
[EventDate "2012.02.07"]
[EventType "swiss"]
[EventRounds "9"]
[EventCountry "RUS"]

1. d4 Nf6 2. c4 g6 3. Nc3 d5 4. Nf3 Bg7 5. Qb3 dxc4 6. Qxc4 O-O 7. e4 Nc6 8.
Bf4 Bg4 9. d5 Bxf3 10. gxf3 Nh5 11. Be3 Ne5 12. Qe2 b5 13. O-O-O c6 14. f4 Nc4
15. e5 cxd5 16. Rxd5 Qc8 17. Rxb5 Qc6 18. Rg1 Rfc8 19. Qxc4 Qxc4 20. Bxc4 Rxc4
21. Kc2 a6 22. Rb7 Rac8 23. Kb3 e6 24. Ne2 f6 25. Rc1 Rxc1 26. Nxc1 fxe5 27.
Nd3 exf4 28. Nxf4 Nxf4 29. Bxf4 Bd4 30. f3 Rc5 1/2-1/2

[Event "Aeroflot Open 2012 A"]
[Site "Moscow"]
[Date "2012.02.13"]
[Round "7"]
[White "Andreikin, Dmitry"]
[Black "Fedoseev, Vladimir"]
[Result "1/2-1/2"]
[WhiteElo "2688"]
[BlackElo "2525"]
[PlyCount "66"]
[EventDate "2012.02.07"]
[EventType "swiss"]
[EventRounds "9"]
[EventCountry "RUS"]

1. c4 g6 2. d4 Nf6 3. Nc3 d5 4. e3 Bg7 5. Qb3 e6 6. Qa3 a5 7. Nf3 Nc6 8. Bd2
Nb4 9. Qa4+ Bd7 10. Qb3 c5 11. dxc5 Bc6 12. a3 Na6 13. cxd5 Nxd5 14. Bxa6 Rxa6
15. Rd1 Qe7 16. e4 a4 17. Qc4 Nxc3 18. Bxc3 Bxc3+ 19. Qxc3 O-O 20. Rd4 Rc8 21.
O-O Be8 22. e5 Rxc5 23. Qe3 Bc6 24. Rfd1 Ra8 25. h4 Bxf3 26. gxf3 Rd5 27. Rxd5
exd5 28. Rxd5 Qxh4 29. e6 Re8 30. exf7+ Kxf7 31. Rd7+ Re7 32. Rxe7+ Qxe7 33.
Qf4+ Kg7 1/2-1/2